Pays ayant les plus longues frontières totales - Statistiques

Statistiques générales
  • Ce quiz a été pris 48 336 fois
    48 334 depuis la dernière actualisation
  • Le résultat moyen est 14 sur 20
Statistiques - réponses
km Pays % Correct
22 147 Chine
99%
20 017 Russie
99%
12 034 Etats-Unis
97%
14 691 Brésil
95%
8 893 Canada
94%
14 103 Inde
89%
9 665 Argentine
87%
6 171 Chili
83%
8 220 Mongolie
80%
10 730 RD Congo
80%
6 343 Algérie
79%
12 012 Kazakhstan
76%
6 774 Pakistan
62%
6 764 Soudan
57%
7 243 Mali
55%
5 968 Tchad
53%
6 004 Colombie
48%
6 743 Bolivie
44%
6 221 Ouzbékistan
40%
5 876 Birmanie
24%
Aucun quiz correspondant
Distribution des résultats
% des personnes avec chaque résultat
Percentile par nombre de réponses
Votre historique - résultats
Vous n’avez pas pris ce quiz depuis la dernière actualisation